000 00742cam a22002533a 4500
001 11167
003 PGUSA
005 20140828083233.0
008 040201s2004||||xxu|||||s|||||000 | eng d
040 _aPGUSA
_beng
042 _adc
050 4 _aPZ
100 1 _aKincaid, C. A.
_q(Charles Augustus),
_d1870-1954
245 1 0 _aDeccan Nursery Tales ;
_bor, Fairy Tales from the South
_h[electronic resource] /
_cC. A. Kincaid
260 _bProject Gutenberg,
_c2004
506 _aPublic domain in the USA.
516 _aElectronic text
653 _aFolklore -- India
653 _aTales -- India
700 1 _aDhurandhar, M. V.
830 0 _aProject Gutenberg
_v11167
856 4 0 _uhttp://www.gutenberg.org/ebooks/11167
942 _cEB
999 _c240422
_d240422